Industria pesquera en Centroamérica y su repercusión económica y social /
La situación de la pesca en Centroamerica en el periódo 1971-1973 analiza las características elementales de la población centroamericana enfoca el nivel que presentaba la industria pesquera en 1971, el volumen del comercio exterior, y los beneficios económico-sociales que se deriban de esta activid...
Պահպանված է:
| Հիմնական հեղինակ: | |
|---|---|
| Ձևաչափ: | Թեզիս |
| Հրապարակվել է: |
Guatemala:
s.e.
|
| Խորագրեր: | |
| Ցուցիչներ: |
Ավելացրեք ցուցիչ
Չկան պիտակներ, Եղեք առաջինը, ով նշում է այս գրառումը!
|
MARC
| LEADER | 00000 a a2200000 04500 | ||
|---|---|---|---|
| 001 | 19580 | ||
| 003 | |||
| 040 | |||
| 090 | |a 07780.00 | ||
| 100 | |a Recinos Leiva, José Manuel | ||
| 245 | |a Industria pesquera en Centroamérica y su repercusión económica y social / |c José Manuel Recinos Leiva | ||
| 260 | |a Guatemala: |b s.e. | ||
| 300 | |a 119 páginas | ||
| 502 | |a Tesis (Lic. en Ciencias Económicas) -- Universidad de San Carlos de Guatemala, 1973 | ||
| 520 | |a La situación de la pesca en Centroamerica en el periódo 1971-1973 analiza las características elementales de la población centroamericana enfoca el nivel que presentaba la industria pesquera en 1971, el volumen del comercio exterior, y los beneficios económico-sociales que se deriban de esta actividad. Recomienda la creación de un instituto centroamericano de pesca orientado a la explotación racional y comercial, el establecimiento de una escuela de pesca, una biblioteca especializada y la promoción de un mayor consumo de productos del mar. Anexos con datos sobre producción, variedades, valores de producción, mano de obra utilizada, empresas procesadoras y su localización./ALLV | ||
| 650 | |a INDUSTRIA PESQUERA | ||
| 650 | |a ECONOMIA PESQUERA | ||
| 999 | |c 18168 |d 18168 | ||
